NLSUI OPAC header image

Middle English medical recipes and literary play, 1375-1500 / (Record no. 213489)

MARC details
000 -LEADER
fixed length control field 02119cam a2200493 i 4500
001 - CONTROL NUMBER
control field 22357652
005 - DATE AND TIME OF LATEST TRANSACTION
control field 20250411131926.0
008 - FIXED-LENGTH DATA ELEMENTS--GENERAL INFORMATION
fixed length control field 211221t20222022enkah b 001 0 eng d
010 ## - LIBRARY OF CONGRESS CONTROL NUMBER
LC control number 2021953107
015 ## - NATIONAL BIBLIOGRAPHY NUMBER
National bibliography number GBC217605
Source bnb
016 7# - NATIONAL BIBLIOGRAPHIC AGENCY CONTROL NUMBER
Record control number 020480731
Source Uk
020 ## - INTERNATIONAL STANDARD BOOK NUMBER
International Standard Book Number 9780192849496
Qualifying information (hardcover)
020 ## - INTERNATIONAL STANDARD BOOK NUMBER
International Standard Book Number 0192849492
Qualifying information (hardcover)
035 ## - SYSTEM CONTROL NUMBER
System control number (OCoLC)on1273675788
040 ## - CATALOGING SOURCE
Original cataloging agency YDX
Language of cataloging eng
Transcribing agency YDX
Description conventions rda
Modifying agency UKMGB
-- OCLCO
-- BDX
-- OCLCF
-- YDX
-- JHE
-- DLC
042 ## - AUTHENTICATION CODE
Authentication code lccopycat
100 1# - MAIN ENTRY--PERSONAL NAME
Personal name Bower, Hannah,
Dates associated with a name 1993-
Relator term author.
245 10 - TITLE STATEMENT
Title Middle English medical recipes and literary play, 1375-1500 /
Statement of responsibility, etc. Hannah Bower.
250 ## - EDITION STATEMENT
Edition statement First edition.
264 #1 - PRODUCTION, PUBLICATION, DISTRIBUTION, MANUFACTURE, AND COPYRIGHT NOTICE
Place of production, publication, distribution, manufacture Oxford, UK :
Name of producer, publisher, distributor, manufacturer Oxford University Press,
Date of production, publication, distribution, manufacture, or copyright notice 2022.
264 #4 - PRODUCTION, PUBLICATION, DISTRIBUTION, MANUFACTURE, AND COPYRIGHT NOTICE
Date of production, publication, distribution, manufacture, or copyright notice ©2022
300 ## - PHYSICAL DESCRIPTION
Extent xii, 259 pages :
Other physical details illustrations (some color), facsimiles ;
Dimensions 23 cm.
336 ## -
-- text
-- rdacontent
337 ## -
-- unmediated
-- rdamedia
338 ## -
-- volume
-- rdacarrier
490 1# - SERIES STATEMENT
Series statement Oxford English monographs
504 ## - BIBLIOGRAPHY, ETC. NOTE
Bibliography, etc. note Includes bibliographical references (pages 217-252) and index.
648 #7 - SUBJECT ADDED ENTRY--CHRONOLOGICAL TERM
Chronological term 1100-1500
Source of heading or term fast
650 #0 - SUBJECT ADDED ENTRY--TOPICAL TERM
Topical term or geographic name entry element English literature
Chronological subdivision Middle English, 1100-1500
General subdivision History and criticism.
650 #0 - SUBJECT ADDED ENTRY--TOPICAL TERM
Topical term or geographic name entry element Medicine, Medieval, in literature.
650 #0 - SUBJECT ADDED ENTRY--TOPICAL TERM
Topical term or geographic name entry element Medicine
Form subdivision Formulae, receipts, prescriptions
General subdivision Early works to 1800.
650 #6 - SUBJECT ADDED ENTRY--TOPICAL TERM
Topical term or geographic name entry element Littérature anglaise
Chronological subdivision 1100-1500 (Moyen anglais)
General subdivision Histoire et critique.
650 #7 - SUBJECT ADDED ENTRY--TOPICAL TERM
Topical term or geographic name entry element English literature
General subdivision Middle English.
Source of heading or term fast
Authority record control number or standard number (OCoLC)fst01710961
650 #7 - SUBJECT ADDED ENTRY--TOPICAL TERM
Topical term or geographic name entry element Medicine.
Source of heading or term fast
Authority record control number or standard number (OCoLC)fst01014893
650 #7 - SUBJECT ADDED ENTRY--TOPICAL TERM
Topical term or geographic name entry element Medicine, Medieval, in literature.
Source of heading or term fast
Authority record control number or standard number (OCoLC)fst01015284
655 #7 - INDEX TERM--GENRE/FORM
Genre/form data or focus term Criticism, interpretation, etc.
Source of term fast
Authority record control number or standard number (OCoLC)fst01411635
655 #7 - INDEX TERM--GENRE/FORM
Genre/form data or focus term Early works.
Source of term fast
Authority record control number or standard number (OCoLC)fst01411636
655 #7 - INDEX TERM--GENRE/FORM
Genre/form data or focus term Prescriptions, formulae, receipts, etc.
Source of term fast
Authority record control number or standard number (OCoLC)fst01424054
830 #0 - SERIES ADDED ENTRY--UNIFORM TITLE
Uniform title Oxford English monographs.
856 ## - ELECTRONIC LOCATION AND ACCESS
Uniform Resource Identifier <a href="https://academic.oup.com/book/41401">https://academic.oup.com/book/41401</a>
Link text Click here to Access
906 ## - LOCAL DATA ELEMENT F, LDF (RLIN)
a 7
b cbc
c copycat
d 2
e epcn
f 20
g y-gencatlg
942 ## - ADDED ENTRY ELEMENTS (KOHA)
Source of classification or shelving scheme Dewey Decimal Classification
Koha item type Open Access Books - Publishers
Holdings
Withdrawn status Lost status Source of classification or shelving scheme Damaged status Not for loan Home library Current library Date acquired Total Checkouts Barcode Date last seen Price effective from Koha item type
    Dewey Decimal Classification     NLS NLS 11/04/2025   OABP338 11/04/2025 11/04/2025 Open Access Books - Publishers